[Event "Kuala Lumpur Merdeka rapid op"]
[Site "Kuala Lumpur"]
[Date "2019.09.01"]
[Round "7"]
[White "Ng, Jun Fung Isaac"]
[Black "Yusof, Kamaluddin"]
[Result "1-0"]
[WhiteElo "1584"]
[BlackElo "1985"]
[PlyCount "93"]
[EventDate "2019.09.01"]
[EventType "swiss (rapid)"]
[EventRounds "7"]
[EventCountry "MAS"]
[SourceTitle "EXT 2020"]
[Source "ChessBase"]
[SourceDate "2019.10.17"]
[SourceVersion "1"]
[SourceVersionDate "2019.10.17"]
[SourceQuality "1"]

1. d4 d6 2. c4 f5 3. Nf3 Nf6 4. g3 g6 5. Bg2 Bg7 6. 0-0 0-0 7. Nc3 c6 8. Qc2 Nh5 9. d5 e5 10. dxe6 Bxe6 11. b3 f4 12. Bb2 Bf5 13. Qd2 fxg3 14. hxg3 Qe7 15. Rad1 Rd8 16. Nd4 Bg4 17. Ba3 Na6 18. Rfe1 Nc5 19. Bxc6 Bxd4 20. Bd5+ Be6 21. Qxd4 Nf6 22. e4 Rac8 23. e5 Nxd5 24. Nxd5 Bxd5 25. Qxd5+ Qe6 26. Bxc5 Qxd5 27. Rxd5 dxc5 28. Red1 Re8 29. f4 Kf7 30. Kg2 h5 31. Rd6 Re6 32. Rxe6 Kxe6 33. Rd6+ Kf7 34. Rd7+ Ke6 35. Rxb7 Rd8 36. Rxa7 Rd2+ 37. Kh3 Kf5 38. Rf7+ Ke4 39. Kh4 Rxa2 40. e6 Kf3 41. e7 Re2 42. Kg5 Kxg3 43. Kxg6 h4 44. f5 h3 45. f6 Kf4 46. Rh7 Rg2+ 47. Kf7 1-0

[Event "Penang Mini op 2nd"]
[Site "Penang"]
[Date "2019.06.09"]
[Round "9"]
[White "Ng, Jun Fung Isaac"]
[Black "Wang, Zideng"]
[Result "1/2-1/2"]
[WhiteElo "1781"]
[BlackElo "2015"]
[PlyCount "107"]
[EventDate "2019.06.05"]
[EventType "swiss"]
[EventRounds "9"]
[EventCountry "MAS"]
[SourceTitle "CBM 190 Extra"]
[Source "ChessBase"]
[SourceDate "2019.07.15"]
[SourceVersion "1"]
[SourceVersionDate "2019.07.15"]
[SourceQuality "1"]

1. d4 Nf6 2. Nf3 d5 3. c4 e6 4. Nc3 Bb4 5. Qc2 0-0 6. Bg5 h6 7. Bxf6 Qxf6 8. e3 a6 9. a4 Rd8 10. Be2 c5 11. dxc5 Bxc3+ 12. Qxc3 Qxc3+ 13. bxc3 dxc4 14. Bxc4 Nd7 15. Rd1 Re8 16. c6 bxc6 17. a5 Nc5 18. Ne5 Ne4 19. Nxc6 Nxc3 20. Rc1 Bb7 21. Rxc3 Bxc6 22. 0-0 Rec8 23. Rfc1 Bb5 24. g3 Rab8 25. Bxb5 Rxc3 26. Rxc3 Rxb5 27. Ra3 Kf8 28. Kg2 Ke7 29. g4 Kd6 30. Kf3 Ke5 31. Ra4 f5 32. h3 g5 33. Kg3 Rb3 34. Kf3 Rc3 35. Kg3 Rb3 36. Kf3 Kd5 37. Rd4+ Kc5 38. Rd8 fxg4+ 39. hxg4 Rb5 40. Rh8 Rxa5 41. Rxh6 Kd6 42. Rh5 Rc5 43. Rh8 Re5 44. Kg2 a5 45. Ra8 Kc6 46. f4 Rxe3 47. fxg5 Re5 48. Rg8 Kd6 49. Rg7 Rc5 50. g6 Rg5 51. Kf3 Ke5 52. Ra7 Kf6 53. g7 Rxg7 54. Rxa5 1/2-1/2

[Event "Putrajaya op 1st"]
[Site "Putrajaya"]
[Date "2019.01.20"]
[Round "4"]
[White "Liew, Chee Meng Jimmy"]
[Black "Ng, Jun Fung Isaac"]
[Result "1/2-1/2"]
[WhiteElo "2191"]
[BlackElo "1720"]
[PlyCount "73"]
[EventDate "2019.01.19"]
[EventType "swiss"]
[EventRounds "8"]
[EventCountry "MAS"]
[SourceTitle "CBM 188 Extra"]
[Source "ChessBase"]
[SourceDate "2019.02.26"]
[SourceVersion "1"]
[SourceVersionDate "2019.02.26"]
[SourceQuality "1"]

1. d4 Nf6 2. Bg5 g6 3. Nc3 d5 4. Qd2 h6 5. Bf4 Bg7 6. 0-0-0 g5 7. Bg3 Bf5 8. f3 Nbd7 9. Nxd5 Nxd5 10. e4 Bxe4 11. fxe4 N5b6 12. h4 g4 13. Qf4 Nf6 14. h5 0-0 15. Ne2 Qd7 16. Nc3 c6 17. Be2 Rad8 18. Rh4 Qe8 19. Bxg4 Nh7 20. e5 Ng5 21. Bf5 Nd5 22. Nxd5 Rxd5 23. Be4 Nxe4 24. Qxe4 Qd7 25. Rd3 c5 26. dxc5 Rxd3 27. cxd3 Rc8 28. Bf2 b6 29. d4 Qa4 30. Rh3 Rxc5+ 31. Rc3 Rxc3+ 32. bxc3 Qxa2 33. Be3 e6 34. Qa8+ Kh7 35. Qe4+ Kg8 36. Qa8+ Kh7 37. Qe4+ 1/2-1/2

[Event "Laos op"]
[Site "Vientiane"]
[Date "2018.01.05"]
[Round "4"]
[White "Ng, Jun Fung Isaac"]
[Black "Wiwatanadate, Poompong"]
[Result "0-1"]
[WhiteElo "1594"]
[BlackElo "1992"]
[PlyCount "96"]
[EventDate "2018.01.03"]
[EventType "swiss"]
[EventRounds "9"]
[EventCountry "LAO"]
[SourceTitle "CBM 182 Extra"]
[Source "ChessBase"]
[SourceDate "2018.02.23"]
[SourceVersion "1"]
[SourceVersionDate "2018.02.23"]
[SourceQuality "1"]

1. d4 Nf6 2. c4 e6 3. Nf3 d5 4. Nc3 Be7 5. Bg5 0-0 6. e3 Nbd7 7. Bd3 dxc4 8. Bxc4 b6 9. 0-0 Bb7 10. Rc1 h6 11. Bh4 Ne4 12. Nxe4 Bxh4 13. Bd3 Be7 14. Bb1 c5 15. Qd3 g6 16. Rfd1 Nf6 17. Ng3 cxd4 18. exd4 Nd5 19. Ne2 Bd6 20. a3 Qf6 21. Ng3 Bf4 22. Rc2 Rad8 23. Ne4 Qe7 24. g3 Bb8 25. Rcc1 Nf6 26. Qe3 Ng4 27. Qe2 Kg7 28. h3 Nf6 29. Nxf6 Qxf6 30. Be4 Bd5 31. Bxd5 Rxd5 32. a4 Rfd8 33. Rd3 Qf5 34. g4 Qf4 35. Qe3 Qf6 36. Qe4 h5 37. g5 Rxg5+ 38. Kf1 Rgd5 39. h4 Qf4 40. Qe3 Qf5 41. Rc4 e5 42. Rd1 e4 43. Ng5 Re8 44. Re1 Bf4 45. Qb3 e3 46. Re2 Bxg5 47. hxg5 Qh3+ 48. Ke1 Qh1# 0-1

[Event "Laos op"]
[Site "Vientiane"]
[Date "2018.01.05"]
[Round "5"]
[White "Ngieng, Vivian"]
[Black "Ng, Jun Fung Isaac"]
[Result "0-1"]
[WhiteElo "1310"]
[BlackElo "1594"]
[PlyCount "82"]
[EventDate "2018.01.03"]
[EventType "swiss"]
[EventRounds "9"]
[EventCountry "LAO"]
[SourceTitle "CBM 182 Extra"]
[Source "ChessBase"]
[SourceDate "2018.02.23"]
[SourceVersion "1"]
[SourceVersionDate "2018.02.23"]
[SourceQuality "1"]

1. e4 c5 2. Nc3 d6 3. Bc4 Nc6 4. d3 g6 5. f4 Bg7 6. Nf3 e6 7. Bb3 Nge7 8. 0-0 0-0 9. Qe1 d5 10. e5 Nf5 11. Ne2 b5 12. c3 d4 13. Bc2 Bb7 14. Ng3 Nce7 15. Ne4 Qb6 16. a3 h5 17. cxd4 cxd4 18. b4 Nd5 19. Nc5 Rfd8 20. Qf2 Nde3 21. Re1 Bxf3 22. gxf3 Bh6 23. Bxe3 Nxe3 24. Bb3 Bxf4 25. Qh4 Bxe5 26. Kf2 Bg7 27. Rg1 Nf5 28. Qe4 Qc7 29. Rg2 Qe5 30. Qxe5 Bxe5 31. Nxe6 fxe6 32. Rxg6+ Kh7 33. Rxe6 Bf4 34. Rf6 Rf8 35. Re6 Rae8 36. Ra6 Re7 37. a4 bxa4 38. R1xa4 Bxh2 39. Bd5 Bg3+ 40. Kg2 Re2+ 41. Kg1 Bh2+ 0-1

[Event "Laos op"]
[Site "Vientiane"]
[Date "2018.01.04"]
[Round "3"]
[White "Chai, Chang Yik"]
[Black "Ng, Jun Fung Isaac"]
[Result "0-1"]
[WhiteElo "1123"]
[BlackElo "1594"]
[PlyCount "80"]
[EventDate "2018.01.03"]
[EventType "swiss"]
[EventRounds "9"]
[EventCountry "LAO"]
[SourceTitle "CBM 182 Extra"]
[Source "ChessBase"]
[SourceDate "2018.02.23"]
[SourceVersion "1"]
[SourceVersionDate "2018.02.23"]
[SourceQuality "1"]

1. d4 Nf6 2. c4 g6 3. Nc3 Bg7 4. e4 d6 5. Nf3 0-0 6. Be2 e5 7. dxe5 dxe5 8. Qxd8 Rxd8 9. Bg5 Re8 10. 0-0-0 c6 11. Rd6 Nbd7 12. Rhd1 h6 13. Bh4 g5 14. Bg3 Bf8 15. R6d2 Bb4 16. Bd3 g4 17. Nh4 Nc5 18. Re2 Nh5 19. Nb1 Nf4 20. Bxf4 exf4 21. Bc2 Ba5 22. Rd6 Be6 23. Nd2 Bc7 24. e5 Bxd6 25. exd6 a5 26. Re5 b6 27. Ne4 Nxe4 28. Bxe4 Bd7 29. Re7 Rxe7 30. dxe7 Re8 31. Nf5 Bxf5 32. Bxf5 h5 33. f3 gxf3 34. gxf3 Rxe7 35. Be4 c5 36. a4 Kg7 37. Kd2 Kf6 38. h4 Ke5 39. Kc3 Rd7 40. Bd3 f5 0-1